| 000 | 00484nam a2200169Ia 4500 | ||
|---|---|---|---|
| 003 | SGT | ||
| 020 | _a9788120340008 | ||
| 082 |
_a6.32 _bHAY |
||
| 100 | _aHaykin,Simon | ||
| 245 | _aNeural networks and learning machines | ||
| 250 | _a3rd Ed. | ||
| 260 |
_bPHI Learning Private Limited _aNew Delhi _c2009 |
||
| 300 | _a906p. | ||
| 650 | _aCOMPUTER SCIENCE | ||
| 653 | _aROSENBLATTS PERCEPTION,MODEL BUILDING THROUGH REGRESSION, THE LEAST -MEAN-SQUARE ALGORITHM | ||
| 942 |
_2ddc _cBK _05 |
||
| 999 |
_c5037 _d5037 |
||